| 000 | 00461nam a22001577a 4500 | ||
|---|---|---|---|
| 003 | OSt | ||
| 008 | 250902b |||||||| |||| 00| 0 eng d | ||
| 041 | _amal | ||
| 082 |
_a791.437 _bJAY/MU |
||
| 100 |
_aJayakrishnan, Rayamangalam _97818 |
||
| 245 |
_aMukhathu thuppunnavar / _bമുഖത്ത് തുപ്പുന്നവര് |
||
| 260 |
_aThiruvananthapuram : _bMythri Books, _c2016. |
||
| 300 | _a33 p. | ||
| 650 |
_aScreenplay _97819 |
||
| 942 | _cBK | ||
| 999 |
_c19504 _d19504 |
||